IKHTISAR SEJARAH PERGERAKAN DAN KESUSASTERAAN MELAYU MODEN. (Record no. 155245)

MARC details
000 -LEADER
fixed length control field 00812nam a2200253 n 4500
001 - CONTROL NUMBER
control field C2-0174195
003 - CONTROL NUMBER IDENTIFIER
control field PPAK
005 - DATE AND TIME OF LATEST TRANSACTION
control field 20240508110848.0
008 - FIXED-LENGTH DATA ELEMENTS--GENERAL INFORMATION
fixed length control field 980910s1967 my f | 1 may d
020 ## - INTERNATIONAL STANDARD BOOK NUMBER
Qualifying information paperback
040 ## - CATALOGING SOURCE
Original cataloging agency PPAK
Language of cataloging eng
Transcribing agency PPAK
Description conventions rda
082 04 - DEWEY DECIMAL CLASSIFICATION NUMBER
Edition number 23
Classification number 899.2309
090 00 - LOCALLY ASSIGNED LC-TYPE CALL NUMBER (OCLC); LOCAL CALL NUMBER (RLIN)
Classification number (OCLC) (R) ; Classification number, CALL (RLIN) (NR) 899.2309
Feature heading LIC
Feature heading KAM
Classification number (OCLC) (R) ; Classification number, CALL (RLIN) (NR) 899.2309
Feature heading LIC
Feature heading KWS
100 1# - MAIN ENTRY--PERSONAL NAME
Personal name Li, Chuan Siu,
Titles and words associated with a name Drs.
Relator term author.
245 10 - TITLE STATEMENT
Title IKHTISAR SEJARAH PERGERAKAN DAN KESUSASTERAAN MELAYU MODEN.
Number of part/section of a work 1945 - 1965 /
Statement of responsibility, etc. oleh Drs. Li Chuan Siu
264 #1 - PRODUCTION, PUBLICATION, DISTRIBUTION, MANUFACTURE, AND COPYRIGHT NOTICE
Place of production, publication, distribution, manufacture Kuala Lumpur :
Name of producer, publisher, distributor, manufacturer Penerbitan Pustaka Antara,
Date of production, publication, distribution, manufacture, or copyright notice 1967
300 ## - PHYSICAL DESCRIPTION
Extent 552 pages ;
Dimensions 19 cm
336 ## - CONTENT TYPE
Source rdacontent
Content type term text
337 ## - MEDIA TYPE
Source rdamedia
Media type term unmediated
338 ## - CARRIER TYPE
Source rdacarrier
Carrier type term volume
650 10 - SUBJECT ADDED ENTRY--TOPICAL TERM
Topical term or geographic name entry element Malay literature
Form subdivision History and criticism
942 ## - ADDED ENTRY ELEMENTS (KOHA)
Koha item type Book
Source of classification or shelving scheme Dewey Decimal Classification
Holdings
Withdrawn Not for loan Current library Shelving location Date acquired Full call number Barcode Date last seen Koha item type Total Checkouts
  Not For Loan Perpustakaan Alor Setar Koleksi Wan Shamsudin 08/05/2024 KWS 899.2309 LIC KWS001036 08/05/2024 Book  
  Not For Loan Perpustakaan Kulim Koleksi Ahmad Mokhtar 10/10/2001 KAM 899.2309 LIC A00860365 01/06/2018 Book